Acteurs Star wars / MCU - Statistiques

Statistiques générales
  • Ce quiz a été pris 196 fois
    59 depuis la dernière actualisation
  • Le résultat moyen est 8 sur 25
Statistiques - réponses
Rôle Star Wars Rôle MCU Réponse % Correct
Padmé Amidala Jane Foster Natalie Portman
94%
Mace Windu Nick Fury Samuel L Jackson
94%
Poe Dameron Marc Spector / Moon Knight Oscar Isaac
65%
Han Solo Thaddeus Ross Harrison Ford
56%
Din Djarin / Le Mandalorien Reed Richards / Mr. Fantastic Pedro Pascal
54%
Dryden Vos Vision Paul Bettany
50%
Riot Happy Hogan Jon Favreau
44%
Snoke et Kino Loy Ulysses Klaue Andy Serkis
38%
Galen Erso Kaecilius Mads Mikkelsen
31%
Maz Kanata Nakia Lupita N'yongo
29%
DJ Le Collectionneur Benicio Del Toro
27%
Lando Calrissian Aaron Davis Donald Glover
25%
Saw Guerrera Zuri Forest Whitaker
25%
Baylan Skoll Volstagg Ray Stevenson
23%
Luthen Rael Dr. Erik Selvig Stellan Skarsgård
23%
Moff Gideon Seth Voelker Giancarlo Esposito
21%
IG-11 Korg Taika Waititi
21%
Qi'ra G'iah Emilia Clarke
19%
Orson Krennic Talos Ben Mendelsohn
17%
Jecki Lon Laura Kinney / X-23 Dafne Keen
17%
Officier du Premier Ordre Ghost Hannah John-Kamen
15%
General Pryde Classic Loki Richard E Grant
13%
Enfys Nest Karli Morgenthau Erin Kellyman
10%
Pilote Naboo Heinz Kruger Richard Armitage
10%
Dark Vador Klyn Spencer Wilding
8%
Aucun quiz correspondant
Distribution des résultats
% des personnes avec chaque résultat
Percentile par nombre de réponses
Votre historique - résultats
Vous n’avez pas pris ce quiz depuis la dernière actualisation